European Airlines from their main airport - Statistics

General Stats
  • This quiz has been taken 126 times
  • The average score is 12 of 15
Answer Stats
Hint Answer % Correct
Paris Air France
99%
Frankfurt Lufthansa
99%
Amsterdam KLM
94%
London British Airways
93%
Dublin Ryanair
93%
Helsinki Finnair
90%
Copenhagen, Oslo, Stockholm SAS
86%
Moscow Aeroflot
82%
Lisbon TAP
76%
London Gatwick Easyjet
73%
Keflavik Icelandair
68%
Riga Air Baltic
66%
Budapest Wizz Air
62%
Manchester Jet2
38%
Madrid Air Europa
33%
No matching quizzes found
Score Distribution
Percent of People with Each Score
Percentile by Number Answered
Your Score History
You have not taken this quiz